| 000 | 00000nam##2200000za#4500 |
| 001 | 9.617905 |
| 003 | CaOODSP |
| 005 | 20210615102504 |
| 007 | ta |
| 008 | 150406|2006||||xxc||||| f|0| 0 eng|d |
| 022 | |a0715-271X |
| 040 | |aCaOODSP|beng |
| 043 | |an-cn--- |
| 086 | 1 |aCS85-002/26-3E |
| 245 | 00|aVictimization and offending among the Aboriginal population in Canada / |cby Jodi-Anne Brzozowski, Andrea Taylor-Butts and Sara Johnson. |
| 260 | |bStatistics Canada. |c2006. |
| 300 | |a31p. : |bgraphs, references, tables ; |c28 cm. |
| 490 | 1 |aJuristat|x0715-271X|vVol. 26, No. 3 |
| 520 | 3 |aThis series of reports provides detailed statistics and analysis on a variety of topics and issues concerning Canada's justice system. Annual Juristats are produced on areas such as: crime, homicide, youth and adult courts, and corrections. Additional Juristats are also produced each year on current topics of interest to the justice community. This is a unique periodical, of great interest to those who have to plan, establish, administer and evaluate justice programs and projects, or anyone who has an interest in Canada's justice system. |
| 563 | |aProcessed |
| 590 | |a06-24|b2006-06-16 |
| 690 | 07|aIndigenous peoples|2gcpds |
| 690 | 07|aCrime|2gcpds |
| 690 | 07|aJustice system|2gcpds |
| 710 | 1 |aCanada.|bStatistics Canada. |bCanadian Centre for Justice Statistics. |
| 720 | 1 |aJohnson, Sara |
| 720 | 1 |aBrzozowski, Jodi-Anne |
| 775 | 08|tLa victimisation et la criminalité chez les peuples autochtones du Canada / |w(CaOODSP)9.627261 |
| 776 | 0#|tVictimization and offending among the Aboriginal population in Canada / |w(CaOODSP)9.560753 |
| 830 | #0|aJuristat,|x0715-271X|vVol. 26, No. 3|w(CaOODSP)9.514471 |